Escribir es aprender a morir : diarios de muerte de Chile, España y Uruguay /
Salvato in:
| Autore principale: | |
|---|---|
| Natura: | Elettronico eBook |
| Lingua: | spagnolo |
| Pubblicazione: |
Madrid : Frankfurt am Main :
Iberoamericana ; Vervuert,
2025.
|
| Serie: | Ediciones de Iberoamericana ;
159. |
| Soggetti: | |
| Accesso online: | Digitalia Hispánica |
| Tags: |
Aggiungi Tag
Nessun Tag, puoi essere il primo ad aggiungerne!!
|
MARC
| LEADER | 00000nam a2200000 i 4500 | ||
|---|---|---|---|
| 001 | DIGIBE1513 | ||
| 003 | NyNyDIG | ||
| 007 | cr ||||||||||| | ||
| 008 | 250508s2025 sp ob 000 0 spa d | ||
| 006 | m o d | ||
| 035 | |a (OCoLC)1505735685 | ||
| 040 | |a DGITA |b eng |e rda |e pn |c DGITA | ||
| 020 | |a 9783968697079 |q (pdf) | ||
| 020 | |a 9783968696713 |q (ePub) | ||
| 020 | |z 9788491924807 |q (Iberoamericana) | ||
| 020 | |z 9783968696706 |q (Vervuert) | ||
| 043 | |a s-cl--- |a e-sp--- |a s-uy--- | ||
| 050 | 1 | 4 | |a PQ6046.D4 ebook |
| 100 | 1 | |a Terpe, Henriette, |d 1989- |e author. | |
| 245 | 1 | 0 | |a Escribir es aprender a morir : |b diarios de muerte de Chile, España y Uruguay / |c Henriette Terpe. |
| 264 | 1 | |a Madrid : |b Iberoamericana ; |a Frankfurt am Main : |b Vervuert, |c 2025. | |
| 300 | |a 1 online resource. | ||
| 336 | |a text |b txt |2 rdacontent | ||
| 337 | |a computer |b c |2 rdamedia | ||
| 338 | |a online resource |b cr |2 rdacarrier | ||
| 347 | |a text file |2 rdaft | ||
| 347 | |b PDF | ||
| 490 | 1 | |a Ediciones de Iberoamericana ; |v 159 | |
| 504 | |a Includes bibliographical references. | ||
| 588 | 0 | |a Online resource; title from PDF title page (Digitalia, viewed May 8, 2025) | |
| 650 | 0 | |a Terminally ill |x Diaries |x History and criticism. | |
| 650 | 0 | |a Death in literature. | |
| 650 | 0 | |a Autobiography |x Hispanic American authors |x History and criticism. | |
| 650 | 0 | |a Autobiography |x Spanish authors |x History and criticism. | |
| 600 | 1 | 0 | |a Ibáñez, Sara de. |t Diario de la muerte. |
| 600 | 1 | 0 | |a Lihn, Enrique. |t Diario de muerte. |
| 600 | 1 | 0 | |a Valente, José Angel. |t Fragmentos de un libro futuro. |
| 600 | 1 | 0 | |a Millán, Gonzalo, |d 1947-2006. |t Veneno de escorpión azul. |
| 791 | 2 | |a Digitalia (Firm), |e distributor. | |
| 793 | 0 | |g Digitalia eBook Collection: |a Iberoamericana/Vervuert | |
| 776 | 0 | 8 | |i Print version: |a Terpe, Henriette, 1989- |t Escribir es aprender a morir. |d Madrid : Iberoamericana ; Frankfurt am Main : Vervuert, [2025] |z 9788491924807 |
| 830 | 0 | |a Ediciones de Iberoamericana ; |v 159. | |
| 856 | 4 | 0 | |3 Digitalia Hispánica |u https://digitalia.unach.elogim.com/a/171653/ |
| 910 | |a Premium collection: 2025 | ||